000 00608nam a2200241Ia 4500
003 OSt
005 20220924145334.0
006 a|||||r|||| 00| 0
007 ta
008 220923b |||||||| |||| 00| 0 per d
024 _a327850
037 _cTextual
040 _aARTS
_cARTS
_bper
041 _2per
_aper
082 _aO164,1MSA2x, B6
100 _aSadiq Muhammad Au.
_9219521
245 0 _aDiwan-i-sadqia
260 _c1886
300 _a403p.
_ccm.
650 _aPERSIAN POETRY
942 _hO164,1MSA2x, B6
_cTEXL
_2CC
999 _c459775
_d459775